000 00497nam a22001337a 4500
082 _a297.2
_bQAM
100 _aQamar, Muhammad Yusuf
245 _aIslam mein Hayat Baad Almuimaat:
_bmaududi aur perwez ka ek mataliya /
_cMuhammad Yusuf Qamar
260 _aIslamabad :
_bPPA Publications,
300 _a199 p. ;
_c22 cm.
563 _aHBK.
880 _6245-02\r
_aاسلام میں حیات بعد الممات:
_bمودودی اور پرویز کا ایک مطالعہ /
942 _2ddc
_cBK
999 _c592753
_d592753